Представление документа в формате MARC21

Поле Инд. ПП Название Значение
Тип записи a
Библиографический уровень m
001 Контрольный номер RU/IS/BASE/221242692
005 Дата корректировки 20220801115048.5
040 b Код языка каталог. rus
041 a Код языка текста rus
080 a Индекс УДК 004.42
084 a Индекс другой классификации/Индекс ББК 32.973.1-018
090 a Полочн. индекс 681.3
c Каталожный индекс 681.3.06
x Авторский знак А86
097 b Оператор 11
100 a Автор Арушанян О. Б.
245 a Заглавие Стандартные программы интерполяции функций одного переменного по экономной схеме Невилла
c Ответственность под общ. ред. В. В. Воеводина
260 a Место издания М.
b Издательство МГУ
c Дата издания 1968
300 a Объем 20 с.
440 a Серия Стандарты программы решения типовых математических задач на машине М-20
n Номер части Вып. 32
510 a Примечание о ссылках Книги и методические пособия
650 a Основная рубрика 50.41 Программное обеспечение вычислительных машин, комплексов и сетей
x Основная подрубрика 50.41.25 Прикладное программное обеспечение
653 a Ключевые слова математическое обеспечение ЭВМ
901 t Тип документа m